Hydrogeology: Ground Water Science and Engineering /

Salvato in:
Dettagli Bibliografici
Autore principale: Dassargues, Alain (Autore)
Natura: Libro
Lingua:inglese
Pubblicazione: Boca Raton: CRC Press, 2020
Edizione:1. vyd.
Soggetti:
Tags: Aggiungi Tag
Nessun Tag, puoi essere il primo ad aggiungerne!!

MARC

LEADER 00000nam a22000003a 4500
001 0115526
003 SK-STU
005 20250526094320.8
007 ta
008 250526s ----xo-----e------000-0-----d
020 |a 978-0-367-65714-7 
040 |a STU  |b slo 
041 0 |a eng  |h eng 
044 |a xxu 
100 1 |a Dassargues, Alain  |4 aut 
245 1 0 |a Hydrogeology:  |b Ground Water Science and Engineering /  |c aut. Alain Dassargues 
250 |a 1. vyd. 
260 |a Boca Raton:  |b CRC Press,   |c 2020 
300 |a 471 s. 
650 0 7 |a hydrogeológia 
650 0 7 |a vodné zdroje 
996 |c V* 53713/O-24804  |l VV7  |s P  |a 0  |w 0115526_0001